| 000 | 00539nam a22001937a 4500 | ||
|---|---|---|---|
| 003 | OSt | ||
| 008 | 251128b |||||||| |||| 00| 0 eng d | ||
| 082 |
_a632.7 _bA25M |
||
| 100 | _aAhmad, Sarfaraz. | ||
| 245 | _aManagement of Earias vittella Fabr. Through Bio-Rational and Eco-Friendly Insecticides in Okra | ||
| 260 |
_a.- Pusa, Samastipur _b: RAU _c, 1998 |
||
| 300 | _a33p. | ||
| 650 | _aEntomology and Agricultural Zoology | ||
| 650 | _aOkra | ||
| 650 | _aInsecticides | ||
| 650 | _aThesis | ||
| 650 | _aM. Sc. | ||
| 942 |
_2ddc _cT |
||
| 999 |
_c49248 _d49248 |
||